Eschyle Traduction Nouvelle (Registro nro. 311721)

Detalles MARC
000 -ENCABEZADO
Número de control [NR] 01563nam a22002897a 4500
005 - FECHA Y HORA DE LA ÚLTIMA TRANSACCIÓN
control field 20190306115314.0
008 - DE LONGITUD FIJA DE DATOS DE ELEMENTOS - INFORMACIÓN GENERAL
Elementos de longitud fija [NR] 130419n fr |||fr|||||000|ddfre|d
040 ## - FUENTE DE CATALOGACION [NR]
Quien Cataloga Sandra Yazo (modificó)
Quien Clasifica Sandra Yazo (modificó)
Idioma de catalogación [NR] spa
041 0# - CODIGO DE IDIOMA [R]
Código de idioma para texto/pista de sonido o título separado [R] Francés
-- Griego
082 04 - NUMERO DE CLASIFICACION DECIMAL DEWEY [R]
Número de clasificación [R] 882.1
Número de la edición [NR] 20
092 ## - SIGNATURA TOPOGRAFICA LOCAL
Número de clasificación local E48N033
100 1# - ASIENTO PRINCIPAL--NOMBRE PERSONAL [NR]
Nombre personal [NR] Esquilo
ID Autoridad 1600
242 00 - TRADUCCION DEL TITULO POR LA AGENCIA CATALOGADORA [R]
Título [NR] Nueva traducción de las Obras de Esquilo
Mención de responsabilidad, etc. [NR] Leconte de Lisle
Código de idioma del título traducido [NR] spa
245 10 - MENCION DE TITULO [NR]
Título [NR] Eschyle Traduction Nouvelle
Mención de responsabilidad, etc. [NR] Leconte de Lisle
260 ## - PUBLICACION, DISTRIBUCION, ETC. (PIE DE IMPRENTA) [R]
Lugar de publicación, distribución, etc. [R] París (Francia)
Nombre del editor, distribuidor, etc. [R] Alphonse Lemerre [Alfonso Lemerre]
Fecha de publicación, distribución, etc. [R] [fecha desconocida]
300 ## - DESCRIPCION FISICA [R]
Extensión [R] 367 páginas
Dimensiones [R] 18 x 12 cm.
500 ## - NOTA GENERAL [R]
Nota general [NR] Detalles físicos: Actualmente, encuadernación rígida (holandesa) en cartón forrado en papel texturizado, con lomo de tela encolada, adornos en dorado. Tapas con esquinas y bordes con raspaduras. Guardas. Hoja de cortesía. Anteportada. Portada en cada tomo impresa en una sola tinta con marca tipográfica del editor. Texto impreso en una sola columna con diferentes tipos y tamaños de letra. Cenefas. Mayúsculas capitales. Remates. Índice al final. Papel manchado.
505 0# - NOTA DE CONTENIDO CON FORMATO PREESTABLECIDO [R]
Nota de contenido con formato preestablecido [NR] Tragedias: Prometeo encadenado ; Las suplicantes ; Siete contra Tebas ; Agamenón ; Las coéforas ; Las Euménides ; Los persas
506 ## - NOTA DE RESTRICCIONES DE ACCESO [R]
Condiciones de acceso [NR] Consulta en sala
546 ## - NOTA DE IDIOMA [R]
Nota de idioma [NR] Texto griego y francés
650 #7 - ASIENTO SECUNDARIO DE MATERIA - TERMINO TEMATICO [R]
Término temático o nombre geográfico como elemento de entrada [NR] Literatura clásica
9 (RLIN) 18628
650 #7 - ASIENTO SECUNDARIO DE MATERIA - TERMINO TEMATICO [R]
Término temático o nombre geográfico como elemento de entrada [NR] Literatura griega
9 (RLIN) 76
650 #7 - ASIENTO SECUNDARIO DE MATERIA - TERMINO TEMATICO [R]
Término temático o nombre geográfico como elemento de entrada [NR] Tragedia griega
9 (RLIN) 25649
690 ## - ASUNTO AGREGADO LOCAL DE ENTRADA - TÉRMINO TEMÁTICO (OCLC, RLIN)
Acceso temático local Literatura griega
9 (RLIN) 76
700 1# - ASIENTO SECUNDARIO - NOMBRE PERSONAL [R]
Nombre personal [NR] Leconte de Lisle
Fechas asociadas con el nombre [NR] 1818-1894
9 (RLIN) 95737
942 ## - ELEMENTOS DE ENTRADA AGREGADOS (KOHA)
Tipo de ítem principal el descrito en 300a Libro
Edición 1
Tema principal 18
Sistema de clasificación LOCAL
Clasificación E48N033
Existencias
Suprimido Perdido Sistema de clasificación Dañado No prestable Tipo de ítem específico Ubicación habitual Ubicación actual Localización Fecha de creación Forma de adquisición Costo Total préstamos Signatura topográfica Código de barras Última vez visto Ejemplar Price effective from Tipo de ítem
    LOCAL     Libro archivo Archivo Histórico Archivo Histórico Archivo histórico 06/03/2019 Donación 0.00   E48N033 L009876 06/03/2019 Ej.1 06/03/2019 Libro